| 000 | 00544nam a2200229Ia 4500 | ||
|---|---|---|---|
| 008 | 210210b1948 xxu||||| |||| 00| 0 eng d | ||
| 041 | _aeng | ||
| 082 | _a540.03 JACE | ||
| 100 | _aJACOBSON (C A) Ed | ||
| 245 | _aEncyclopedia of chemical reactions Vol II | ||
| 260 |
_aNew York _bReinhold Publishing Corporation _c1948 |
||
| 300 | _axiii,917 | ||
| 440 | _aII | ||
| 650 | _aVol | ||
| 650 | _areactions | ||
| 650 | _aof | ||
| 650 | _aII | ||
| 650 | _aEncyclopedia | ||
| 650 | _achemical | ||
| 690 | _aChemistry | ||
| 906 | _a010030 | ||
| 999 |
_c116216 _d116216 |
||